<?xml version="1.0" encoding="UTF-8"?>
<record
    xmlns:xsi="http://www.w3.org/2001/XMLSchema-instance"
    xsi:schemaLocation="http://www.loc.gov/MARC21/slim http://www.loc.gov/standards/marcxml/schema/MARC21slim.xsd"
    xmlns="http://www.loc.gov/MARC21/slim">

  <leader>01107cam a2200289 i 4500</leader>
  <controlfield tag="001">.b28222295</controlfield>
  <controlfield tag="003">YEEZEN</controlfield>
  <controlfield tag="005">20250711153224.0</controlfield>
  <controlfield tag="008">240619s2023    ch ah  e      000 0cchi d</controlfield>
  <datafield tag="020" ind1=" " ind2=" ">
    <subfield code="a">9789869221733</subfield>
    <subfield code="q">(&#x5E73;&#x88DD;)</subfield>
  </datafield>
  <datafield tag="040" ind1=" " ind2=" ">
    <subfield code="a">TWFJU</subfield>
    <subfield code="b">chi</subfield>
    <subfield code="e">ccr</subfield>
    <subfield code="c">TWFJU</subfield>
  </datafield>
  <datafield tag="042" ind1=" " ind2=" ">
    <subfield code="a">nbic</subfield>
  </datafield>
  <datafield tag="090" ind1=" " ind2=" ">
    <subfield code="a">419.333</subfield>
  </datafield>
  <datafield tag="245" ind1="0" ind2="0">
    <subfield code="a">&#x9A5A;&#x87C4; :&#x5B78;&#x8853;&#x7684;&#x6842;&#x51A0; &#x4E0D;&#x4E00;&#x6A23;&#x7684;&#x6C5F;&#x6E56; &#x5353;&#x8D8A;&#x8207;&#x5171;&#x597D;</subfield>
    <subfield code="b">&#x9577;&#x5E9A;&#x91AB;&#x9662;&#x5275;&#x59CB;&#x7684;&#x8DB3;&#x8DE1;&#x8207;&#x6DEC;&#x934A; : &#x5B78;&#x8853;&#x7684;&#x6842;&#x51A0; &#x4E0D;&#x4E00;&#x6A23;&#x7684;&#x6C5F;&#x6E56; &#x5353;&#x8D8A;&#x8207;&#x5171;&#x597D; /</subfield>
    <subfield code="c">&#x7C21;&#x69AE;&#x5357;&#x4E3B;&#x7DE8;</subfield>
  </datafield>
  <datafield tag="246" ind1="1" ind2=" ">
    <subfield code="i">&#x7248;&#x6B0A;&#x9801;&#x526F;&#x984C;&#x540D;:</subfield>
    <subfield code="a">&#x9577;&#x5E9A;&#x91AB;&#x9662;&#x5275;&#x59CB;&#x7684;&#x8DB3;&#x8DE1;&#x8207;&#x6DEC;&#x934A; :</subfield>
    <subfield code="b">&#x5B78;&#x8853;&#x7684;&#x6842;&#x51A0;.&#x4E0D;&#x4E00;&#x6A23;&#x7684;&#x6C5F;&#x6E56;.&#x5353;&#x8D8A;&#x8207;&#x5171;&#x597D;</subfield>
  </datafield>
  <datafield tag="246" ind1="3" ind2="0">
    <subfield code="a">&#x9577;&#x5E9A;&#x91AB;&#x9662;&#x5275;&#x59CB;&#x7684;&#x8DB3;&#x8DE1;&#x8207;&#x6DEC;&#x934A;</subfield>
  </datafield>
  <datafield tag="246" ind1="3" ind2="0">
    <subfield code="a">&#x5B78;&#x8853;&#x7684;&#x6842;&#x51A0;&#x4E0D;&#x4E00;&#x6A23;&#x7684;&#x6C5F;&#x6E56;&#x5353;&#x8D8A;&#x8207;&#x5171;&#x597D;</subfield>
  </datafield>
  <datafield tag="250" ind1=" " ind2=" ">
    <subfield code="a">&#x521D;&#x7248;</subfield>
  </datafield>
  <datafield tag="260" ind1=" " ind2=" ">
    <subfield code="a">&#x6843;&#x5712;&#x5E02; :</subfield>
    <subfield code="b">&#x9577;&#x5E9A;&#x91AB;&#x7642;&#x8CA1;&#x5718;&#x6CD5;&#x4EBA;&#x6797;&#x53E3;&#x9577;&#x5E9A;&#x7D00;&#x5FF5;&#x91AB;&#x9662;,</subfield>
    <subfield code="c">2023.11</subfield>
  </datafield>
  <datafield tag="300" ind1=" " ind2=" ">
    <subfield code="a">265&#x9762; :</subfield>
    <subfield code="b">&#x90E8;&#x5206;&#x5F69;&#x5716;, &#x66F8;&#x5F71; ;</subfield>
    <subfield code="c">23&#x516C;&#x5206;</subfield>
  </datafield>
  <datafield tag="610" ind1="2" ind2="7">
    <subfield code="a">&#x6797;&#x53E3;&#x9577;&#x5E9A;&#x7D00;&#x5FF5;&#x91AB;&#x9662;</subfield>
    <subfield code="2">lcstt.</subfield>
  </datafield>
  <datafield tag="650" ind1=" " ind2="7">
    <subfield code="a">&#x53E3;&#x8FF0;&#x6B77;&#x53F2;</subfield>
    <subfield code="2">lcstt.</subfield>
  </datafield>
  <datafield tag="650" ind1=" " ind2="7">
    <subfield code="a">&#x4EBA;&#x7269;&#x5FD7;</subfield>
    <subfield code="2">lcstt.</subfield>
  </datafield>
  <datafield tag="650" ind1=" " ind2="7">
    <subfield code="a">&#x8A2A;&#x8AC7;</subfield>
    <subfield code="2">lcstt.</subfield>
  </datafield>
  <datafield tag="700" ind1="1" ind2=" ">
    <subfield code="a">&#x7C21;, &#x69AE;&#x5357;</subfield>
  </datafield>
  <datafield tag="942" ind1=" " ind2=" ">
    <subfield code="2">ccl</subfield>
    <subfield code="c">BOOK</subfield>
  </datafield>
  <datafield tag="999" ind1=" " ind2=" ">
    <subfield code="c">7657</subfield>
    <subfield code="d">7657</subfield>
  </datafield>
  <datafield tag="952" ind1=" " ind2=" ">
    <subfield code="0">0</subfield>
    <subfield code="1">0</subfield>
    <subfield code="2">ccl</subfield>
    <subfield code="4">0</subfield>
    <subfield code="7">0</subfield>
    <subfield code="a">yeezen</subfield>
    <subfield code="b">yeezen</subfield>
    <subfield code="c">YEEZEN</subfield>
    <subfield code="d">2025-07-11</subfield>
    <subfield code="l">0</subfield>
    <subfield code="o">419.333</subfield>
    <subfield code="p">C03246</subfield>
    <subfield code="r">2025-07-11 00:00:00</subfield>
    <subfield code="w">2025-07-11</subfield>
    <subfield code="y">BOOK</subfield>
    <subfield code="z">&#x9A5A;&#x87C4;:&#x9577;&#x5E9A;&#x91AB;&#x9662;&#x5275;&#x59CB;&#x7684;&#x8DB3;&#x8DE1;&#x8207;&#x6DEC;&#x934A;:&#x5B78;&#x8853;&#x7684;&#x6842;&#x51A0;.&#x4E0D;&#x4E00;&#x6A23;&#x7684;&#x6C5F;&#x6E56;.&#x5353;&#x8D8A;&#x8207;&#x5171;&#x597D;  &#x8CA1;&#x5718;&#x91AB;&#x7642;&#x6CD5;&#x4EBA;&#x8CA1;&#x5718;&#x6797;&#x53E3;&#x9577;&#x5E9A;&#x91AB;&#x9662;</subfield>
  </datafield>
</record>
